000 00820nas a2200277 4500
001 BR0002547
003 BR-BrBNA
005 20231205101849.0
007 ta
008 230509b bl.|||p| |||| 00| 00por d
040 _aBR-BrBNA
_bpor
_cBiblioteca Nacional de Agricultura
041 _a(En)
072 _aJ10
100 1 _aBraccini, A. de L. e
100 1 _aReis, M.S.
100 1 _aMoreira, M.A.
100 1 _aSediyama, C.S.
100 1 _aScapim, C.A.
245 1 _aBiochemical changes associated to soybean seeds osmoconditioning during storage
650 _aSoja
650 _aSemente
650 _aArmazenamento
773 0 _tPesquisa Agropecuaria Brasileira (Brazil)
_xISSN 0100-204X
_g(Feb 2000), v. 35(2) p. 433-447
_wBR0002547
909 _a202311
_bLúcia
_c55
_dLúcia Elande
942 _2AGRIS
_n0
_cANA
999 _c164388
_d164388